Every Governor of Mississippi - Statistics

General Stats
  • This quiz has been taken 29 times
  • The average score is 13 of 64
Answer Stats
Picture Hint Answer % Correct
R(2020-) Tate Reeves
79%
R(2012-2020) Phil Bryant
50%
R(2004-2012) Haley Barbour
43%
D(1964-1968) Paul B. Johnson Jr.
43%
D(1940-1943) Paul B. Johnson Sr.
43%
D(1952-1956) Hugh L. White
36%
D(1936-1940) Hugh L. White
36%
D(1928-1932) Theodore G. Bilbo
36%
D(1916-1920) Theodore G. Bilbo
36%
D(1844-1848) Albert G. Brown
29%
D(1946-1952) Fielding L. Wright
29%
D(1968-1972) John Bell Williams
29%
R(1992-2000) Kirk Fordice
29%
D(2000-2004) Ronnie Musgrove
29%
D(1960-1964) Ross Barnett
29%
D(1980-1984) William F. Winter
29%
D(1896-1900) Anselm J. McLaurin
21%
D(1972-1976) Bill Waller
21%
D(1863-1865) Charles Clark
21%
D(1988-1992) Ray Mabus
21%
D(1984-1988) William Allain
21%
NR(1832-1833) Abram M. Scott
14%
R(1874-1876) Adelbert Ames
14%
NP(1868-1870) Adelbert Ames
14%
D(1838-1842) Alexander G. McNutt
14%
D(1900-1904) Andrew H. Longino
14%
NP(1865-1868) Benjamin G. Humphreys
14%
W(1836-1838) Charles Lynch
14%
NR(1833-1833) Charles Lynch
14%
D(1976-1980) Cliff Finch
14%
DR(1826-1826) David Holmes
14%
DR(1817-1820) David Holmes
14%
D(1943-1944) Dennis Murphree
14%
D(1927-1928) Dennis Murphree
14%
D(1912-1916) Earl L. Brewer
14%
D(1908-1912) Edmond Noel
14%
DR(1820-1822) George Poindexter
14%
DR(1826-1832) Gerard Brandon
14%
DR(1825-1826) Gerard Brandon
14%
D(1924-1927) Henry L. Whitfield
14%
D(1852-1854) Henry S. Foote
14%
D(1833-1835) Hiram Runnels
14%
D(1904-1908) James K. Vardaman
14%
R(1870-1871) James L. Alcorn
14%
D(1956-1960) James P. Coleman
14%
D(1851-1852) James Whitfield
14%
D(1850-1851) John A. Quitman
14%
W(1835-1836) John A. Quitman
14%
D(1851-1851) John Isaac Guion
14%
UD(1854-1857) John J. McRae
14%
D(1859-1863) John J. Pettus
14%
D(1854-1854) John J. Pettus
14%
D(1890-1896) John Marshall Stone
14%
D(1876-1882) John Marshall Stone
14%
D(1848-1850) Joseph W. Matthews
14%
D(1920-1924) Lee M. Russell
14%
D(1932-1936) Martin Sennet Conner
14%
R(1871-1874) Ridgley C. Powers
14%
D(1882-1890) Robert Lowry
14%
D(1944-1946) Thomas L. Bailey
14%
D(1842-1844) Tilghman Tucker
14%
DR(1822-1825) Walter Leake
14%
NP(1865-1865) William L. Sharkey
14%
D(1857-1859) William McWillie
14%
No matching quizzes found
Score Distribution
Percent of People with Each Score
Percentile by Number Answered
Your Score History
You have not taken this quiz